1200 1819 1031 1486 1031 1933 1114 1937 1896 1655 1910 1401 1517 1983 1322 1734 1442 1996 1011 1431 1804 1137 1291 1887 1682 1703 1932 1499 1903 1507 1080 1748 1794 1997 1225 1848 1793 1947 1059 1269 1375 1334 1075 1756 1313 1203 1504 1918 1695 1102 1342 1950 1935 1217 1729 1737 1458 1411 1904 1511 1429 1610 1665 1230 1441 1280 1282 1918 1125 1212 1621 1958 1020 1612 1535 1139 1837 1897 1277 1862 1460 1502 1370 1961 1553 1349 1122 1252 1676 1065 1988 1174 1955 1326 1198 1951 1329 1401 1871 BCNSPRNW ULIB Ver.6.0+V

เปลี่ยนเป็นภาษาไทย

Change to English
 แสดงรายละเอียดบรรณานุกรม
  กลับหน้าหลัก

Brief Record : Get Marc (ISO 2709) : E-mail record : QR code < ปิดหน้าต่าง
LEADER : 00000nam 2200000uu 4500
001    13399123163
003     ULIB
008    020711s2548 th a 000 0 tha d
020    9749335007
020    9789749335000
090    นว.^bฬ111ห
100    ฬีฬา
110    ยาหยี-ยาใจ
245    หนึ่งเดียวในดวงใจ /^cฬีฬา
250    พิมพ์ครั้งที่ 2
260    กรุงเทพฯ :^bยาหยี-ยาใจ,^c2548
300    195 หน้า;^b21 ซม.
945    ^p130^l0^i034421
999    ^aเกษร โพธิ์สุวรรณ
รายการนี้ยังไม่มีแท็ก
คุณยังไม่ได้ล็อกอิน คุณสามารถมีกิจกรรมร่วมกับเว็บไซต์ได้ แต่ต้องล็อกอินก่อน ::
  ล็อกอิน

รายการสื่อสารสนเทศ

ลำดับที่ ประเภท เลขเรียก/บาร์โค้ด สถานที่ สถานะ
1. นวนิยาย
นวนิยาย
นว. ฬ111ห ฉ.1 
  Barcode: 034421
ห้องสมุดวิทยาเขตสวรรค์ประชารักษ์
►นวนิยาย
บนชั้น
  ขอยืม

รายการใกล้เคียง
    ผู้แต่ง [ฬีฬา]

BibComment


ยังไม่เคยถูกคอมเมนท์

คอมเมนท์ทรัพยากรรายการนี้
  คอมเมนท์: หนึ่งเดียวในดวงใจ..


 Copyright 2026. Bcnsprnw @Library